Normal view
MARC view
- ادارة الانتاج-ضبط الجودة
Entry Topical Term
001 - CONTROL NUMBER
- control field: 44430
003 - CONTROL NUMBER IDENTIFIER
- control field: JO-AjAnu
005 - DATE AND TIME OF LATEST TRANSACTION
- control field: 20230606081346.0
008 - FIXED-LENGTH DATA ELEMENTS
- fixed length control field: 230606|| aca||aabn | a|a d
040 ## - CATALOGING SOURCE
- Original cataloging agency: JO-AjAnu
- Transcribing agency: JO-AjAnu
150 ## - HEADING--TOPICAL TERM
- Topical term or geographic name entry element: ادارة الانتاج-ضبط الجودة
670 ## - SOURCE DATA FOUND
- Source citation: Work cat.: (JO-AjAnu)22752: اصدارات بميك؛ الاشراف العلمي عبدالرحمن توفيق, author 44429, الجودة الشاملة:الدليل المتكامل للمفاهيم والادوات